Statistiques concernant Qui a créé ces personnages de littérature ? #4

Cliquez ici pour prendre le quiz!

Statistiques générales

  • Ce quiz a été pris 95 fois
  • Le résultat moyen est 8 sur 20

Statistiques - réponses

HintRéponse% Correct
Harry PotterJ. K. Rowling
95%
CandideVoltaire
82%
Shuya NanaharaKōshun Takami
68%
MowgliRudyard Kipling
68%
Don RodriguePierre Corneille
67%
Vicomte de ValmontPierre Choderlos de Laclos
62%
Robinson CrusoéDaniel Defoe
61%
Charles SwannMarcel Proust
61%
Augustin MeaulnesAlain-Fournier
56%
Robert LangdonDan Brown
38%
Peter PanJ. M. Barrie
29%
George MiltonJohn Steinbeck
26%
Prétextat TachAmélie Nothomb
25%
Princesse Kira d'ÉmeraudeAnne Robillard
25%
Guillaume de BaskervilleUmberto Eco
20%
Ichabod CraneWashington Irving
20%
MinhoJames Dashner
14%
Regan MacNeilWilliam Peter Blatty
13%
SlappyR. L. Stine
11%
Wade WattsErnest Cline
7%

Distribution des résultats

Percentile par nombre de réponses

% des personnes avec chaque résultat

Votre développement - résultats

Vous n’avez pas pris ce quiz